Дело по отношению Конторы московских театров с препровождением денег, 191 рубля 43 копеек серебром, следующих господину репетито...

Доступно только в Электронных читальных залах Найти на картеНа карте
RUSMARC
00003840nmc2a22000003x 450
001886c2327-f49c-47b1-bf7c-38d9526b8bd2
00520181226072142.0
100##$a20170628l18471848k l0rusy0189 ca
1010#$arus
102##$aRU
2001#$aДело по отношению Конторы московских театров с препровождением денег, 191 рубля 43 копеек серебром, следующих господину репетитору Кавосу за музыку и поэму оперы "Королевские мушкетёры"
$j6 октября 1847 г. - 15 февраля 1848 г.
251##$cДело
300##$aПо Санкт-Петербургской дирекции за 1847 год
300##$aДело
801#0$aRU
$bРГИА
$c20170628
$gRCR
801#1$aRU
$bГлавНИВЦ
$c20170628
$2rusmarc
801#2$aRU
$bПБ им. Б.Н. Ельцина
$c20181226
$gRCR
$2rusmarc
850##$aРГИА
852##$aРГИА
$eФедеральное казенное учреждение "Российский государственный исторический архив" (РГИА)
$j11358
937##$hРГИА
$d12246307
$aASBIBLIO_SCAN
462#0$1001dd3991dc-24e1-42ec-8838-ca4255420416
$12001
$a1746-1850 гг.
$1251
$cОпись
$1852
$j1
461#0$10019264ebf8-de62-4f1a-9eb4-9f22098dbbd5
$12001
$aДирекция императорских театров МИДв
$1251
$cФонд
$1852
$j497
215##$a5 л.
$d36,5х26 см
371##$aДокумент не является опубликованным и широко распространяемым
105##$ay###
1222#$ad
035##$a886c2327-f49c-47b1-bf7c-38d9526b8bd2
856##$uhttp://readingroom.main.prlib.ru/item.aspx?id_node=n122424382&mode=full
Формат отображения